• 首页
  • 本馆介绍
  • 公告通知
  • 最新文献
  • 馆藏检索
  • 电子资源
  • 读者导购
  • 参考咨询
  • 我的图书馆
  • 登录
  • 详细信息显示
  • 放入我的书架
  • 预约/预借图书
  • 作者相关作品
  • 分类相关作品
  • 丛书相关作品
  • 出版社相关作品

书目信息

  • 表格格式
  • 工作单格式
  • 卡片格式
题名:
教育因培育灵魂而神圣
    
 
作者: 袁仁超 主编
分册:  
出版信息: 北京   人民日报出版社  2020.04
页数: 264页
开本: 24cm
丛书名:
单 册:
中图分类: G622.0
科图分类:
主题词: 小学教育--教育研究
电子资源:
ISBN: 978-7-5115-6248-7
000 00848nam0 2200229 450
001 0103152654
005 20201103152731.0
010    @a978-7-5115-6248-7@dCNY88.00
100    @a20200713d2020 em y0chiy50 ea
101 0  @achi
102    @aCN@b110000
105    @aag z 000yy
106    @ar
200 1  @a教育因培育灵魂而神圣@Ajiao yu yin pei yu ling hun er shen sheng@f袁仁超主编
210    @a北京@c人民日报出版社@d2020.04
215    @a264页@c图,照片@d24cm
330    @a本书是一部介绍教育思想的作品。主要介绍双福实验小学的教育思想和经验。内容主要包括校训校风、班级文化建设、教育思想交流、教师课堂教学经验交流、家校共同教育理念介绍等,反映了学校注重培育学生灵魂的教育理念。
606 0  @a小学教育@x教育研究
690    @aG622.0@v5
701  0 @a袁仁超@Ayuan ren chao@4主编
801  0 @aCN@bBJSZM@c20201103
905    @b1256961-5@dG622.0@e1058@f5
    
    教育因培育灵魂而神圣/袁仁超主编.-北京:人民日报出版社,2020.04
    264页:图,照片;24cm
    
    
    ISBN 978-7-5115-6248-7:CNY88.00
    本书是一部介绍教育思想的作品。主要介绍双福实验小学的教育思想和经验。内容主要包括校训校风、班级文化建设、教育思想交流、教师课堂教学经验交流、家校共同教育理念介绍等,反映了学校注重培育学生灵魂的教育理念。
●
相关链接 在E读中查询图书 在五车中查询图书 在当当中查询图书 在豆瓣中查询图书


正题名:教育因培育灵魂而神圣     索取号:G622.0/1058         预约/预借

序号 登录号 条形码 馆藏地/架位号 状态 备注
1 1256961   212569610   第一样本阅览室/ [索取号:G622.0/1058] 在馆    
2 1256962   212569629   教育系资料室/ [索取号:G622.0/1058] 在馆    
3 1256963   212569638   教育系资料室/ [索取号:G622.0/1058] 在馆    
4 1256964   212569647   第四借阅区/ [索取号:G622.0/1058] 在馆    
5 1256965   212569656   第四借阅区/ [索取号:G622.0/1058] 在馆    
唐山师范学院图书馆 欢迎您!
大连网信软件有限公司© 版权所有